|
|
|
|
| LEADER |
00897nam a2200205Ia 4500 |
| 001 |
CTU_160892 |
| 008 |
210402s9999 xx 000 0 und d |
| 082 |
|
|
|a 338.1
|
| 082 |
|
|
|b S312
|
| 100 |
|
|
|a Lê, Xuân Sinh
|
| 245 |
|
0 |
|a Cải thiện đời sống của nông hộ và tăng cường sự hợp tác của nông dân ở vùng nông thôn sâu và ngập lũ ở Đồng bằng sông Cửu Long thông qua việc chuyển đổi cơ cấu sản xuất :
|
| 245 |
|
0 |
|b Đề án (Báo cáo khoa học)
|
| 245 |
|
0 |
|c Trưởng đề án: Lê Xuân Sinh, Nguyễn Thanh Phương
|
| 260 |
|
|
|a Cần Thơ
|
| 260 |
|
|
|b Trường Đại học Cần Thơ
|
| 260 |
|
|
|c 2000
|
| 650 |
|
|
|a Agriculture
|
| 650 |
|
|
|x Economic aspects
|
| 904 |
|
|
|i Giang
|
| 980 |
|
|
|a Trung tâm Học liệu Trường Đại học Cần Thơ
|